麻雀 点数申告 - Statistics

General Stats
  • This quiz has been taken 114 times
  • The average score is 73 of 128
Answer Stats
上がり方 翻・符 点数申告 % Correct
子ロン 1翻30符 1000
95%
子ロン 1翻60符 2000
92%
子ロン 2翻30符 2000
92%
親ロン 1翻40符 2000
92%
子ロン 跳満 12000
90%
親ロン 満貫 12000
90%
親ロン 1翻60符 3000
89%
子ロン 満貫 8000
89%
親ロン 1翻50符 2400
85%
親ロン 2翻25符 2400
85%
親ロン 1翻100符 4800
85%
親ロン 2翻50符 4800
85%
親ロン 3翻25符 4800
85%
子ロン 1翻100符 3200
84%
子ロン 2翻50符 3200
84%
子ロン 3翻25符 3200
84%
子ロン 三倍満 24000
82%
親ロン 倍満 24000
82%
子ロン 1翻110符 3600
82%
子ロン 1翻50符 1600
81%
子ロン 2翻25符 1600
81%
子ロン 役満 32000
81%
親ロン 1翻30符 1500
79%
親ロン 跳満 18000
79%
親ロン 役満 48000
79%
子ロン 1翻40符 1300
76%
親ロン 三倍満 36000
76%
子ロン 倍満 16000
74%
子ロン 1翻80符 2600
68%
子ロン 2翻40符 2600
68%
子ロン 1翻90符 2900
68%
親ロン 2翻30符 2900
68%
子ロン 2翻60符 3900
68%
子ロン 3翻30符 3900
68%
親ロン 1翻80符 3900
68%
親ロン 2翻40符 3900
68%
子ロン 1翻70符 2300
66%
子ロン 2翻80符 5200
66%
子ロン 3翻40符 5200
66%
子ロン 2翻100符 6400
65%
子ロン 3翻50符 6400
65%
子ロン 4翻30符 6400
65%
子ロン 3翻60符 7700
63%
子ロン 4翻40符 7700
63%
親ロン 2翻80符 7700
63%
親ロン 3翻40符 7700
63%
子ロン 2翻90符 5800
61%
親ロン 2翻60符 5800
61%
親ロン 3翻30符 5800
61%
親ロン 3翻60符 11600
60%
親ロン 4翻40符 11600
60%
子ロン 2翻70符 4500
58%
親ツモ 1翻30符 500オール
58%
子ツモ 満貫 20004000
56%
親ロン 1翻70符 3400
56%
親ロン 1翻90符 4400
56%
親ツモ 1翻60符 1000オール
55%
親ツモ 2翻30符 1000オール
55%
子ツモ 跳満 30006000
55%
親ツモ 満貫 4000オール
55%
子ツモ 1翻30符 300500
53%
子ツモ 1翻50符 400800
53%
子ツモ 三倍満 600012000
53%
子ツモ 役満 800016000
53%
親ロン 2翻100符 9600
53%
親ロン 3翻50符 9600
53%
親ロン 4翻30符 9600
53%
子ツモ 2翻60符 10002000
52%
子ツモ 3翻30符 10002000
52%
親ツモ 2翻60符 2000オール
52%
親ツモ 3翻30符 2000オール
52%
子ツモ 倍満 40008000
52%
親ロン 1翻110符 5300
52%
親ツモ 倍満 8000オール
52%
親ツモ 三倍満 12000オール
50%
親ツモ 役満 16000オール
50%
子ツモ 1翻40符 400700
50%
子ツモ 2翻20符 400700
50%
親ツモ 跳満 6000オール
50%
親ツモ 1翻70符 1200オール
48%
親ツモ 1翻100符 1600オール
48%
親ツモ 2翻50符 1600オール
48%
親ツモ 3翻25符 1600オール
48%
子ツモ 1翻60符 5001000
48%
子ツモ 2翻30符 5001000
48%
親ロン 2翻70符 6800
48%
親ツモ 1翻40符 700オール
48%
親ツモ 2翻20符 700オール
48%
親ツモ 1翻50符 800オール
48%
子ロン 2翻110符 7100
47%
親ツモ 1翻90符 1500オール
45%
親ツモ 1翻80符 1300オール
44%
親ツモ 2翻40符 1300オール
44%
親ツモ 3翻20符 1300オール
44%
親ツモ 3翻60符 3900オール
44%
親ツモ 4翻40符 3900オール
44%
子ツモ 1翻70符 6001200
42%
親ツモ 2翻80符 2600オール
40%
親ツモ 3翻40符 2600オール
40%
親ツモ 4翻20符 2600オール
40%
子ツモ 1翻80符 7001300
40%
子ツモ 2翻40符 7001300
40%
子ツモ 3翻20符 7001300
40%
子ツモ 2翻80符 13002600
39%
子ツモ 3翻40符 13002600
39%
子ツモ 4翻20符 13002600
39%
親ツモ 2翻100符 3200オール
39%
親ツモ 3翻50符 3200オール
39%
親ツモ 4翻30符 3200オール
39%
子ツモ 1翻100符 8001600
39%
子ツモ 2翻50符 8001600
39%
子ツモ 3翻25符 8001600
39%
子ツモ 2翻100符 16003200
37%
子ツモ 3翻50符 16003200
37%
子ツモ 4翻30符 16003200
37%
親ツモ 2翻90符 2900オール
37%
親ツモ 2翻110符 3600オール
37%
親ロン 2翻90符 8700
37%
親ロン 2翻110符 10600
35%
親ツモ 1翻110符 1800オール
35%
子ツモ 1翻90符 8001500
35%
子ツモ 1翻110符 9001800
35%
親ツモ 2翻70符 2300オール
34%
子ツモ 3翻60符 20003900
31%
子ツモ 4翻40符 20003900
31%
子ツモ 2翻70符 12002300
29%
子ツモ 2翻110符 18003600
29%
子ツモ 2翻90符 15002900
26%
No matching quizzes found
Score Distribution
Percent of People with Each Score
Percentile by Number Answered
Your Score History
You have not taken this quiz